Top 10 países que producen la mayor cantidad de trigo - Estadísticas

Estadísticas generales
  • Esta prueba ha sido intentada 2.494 veces
    1.360 desde el último reinicio
  • La puntuación promedio es 8 de 10
Estadísticas de respuestas
Toneladas País % Correcto
138 M China
97%
44,9 M Estados Unidos
96%
104 M Rusia
93%
108 M India
87%
22,2 M Argentina
80%
34,3 M Canadá
78%
34,6 M Francia
78%
22,6 M Alemania
74%
36,2 M Australia
69%
26,2 M Pakistán
50%
No se encontraron pruebas coincidentes
Distribución de puntuación
Porcentaje de gente con cada puntuación
Porcentaje por número respondido
Historial de tus puntuaciones
No has intentado esta prueba desde el último reinicio